000 00327nam a22001457a 4500
008 231102b ||||| |||| 00| 0 eng d
020 _a354013008
041 _aeng
080 _a53
082 _a53CHA
100 _a23
101 _aFIZIK
245 _aINTRODUCTION TO GAUGE FIELD THEORIES
_cCHAICHIAN .M
942 _2udc
_cBK
999 _c60491
_d60491